| 000 | 00491nam a2200193Ia 4500 | ||
|---|---|---|---|
| 003 | 0100 | ||
| 008 | 130303s9999 xx 000 0 und d | ||
| 040 | _cARRUPELIB | ||
| 050 | _aAZ101.S412 1962 | ||
| 100 | _aSertillanges, A.G | ||
| 245 | 4 | _aThe Intellectual Life | |
| 245 | _bIts Spirit, Conditions, Methods | ||
| 260 | _aWestminister, Maryland | ||
| 260 | _bThe Newman Press | ||
| 260 | _C1962 | ||
| 300 | _a266p | ||
| 700 | _atranslated from the french by Mary Ryan | ||
| 942 | 0 | 0 | _01 |
| 999 |
_c44184 _d44184 |
||